000 00780pam a2200265 a 4500
001 1389452
003 OSt
005 20170213140055.0
008 821220s1983 enka b 001 0 eng
010 _a 82023634
020 _a0521274567
040 _cDDC
082 0 0 _a536.7 ADK 1997
100 1 _aAdkins,C.J;
_9815
245 1 0 _aEquilibrium Thermodynamics:
250 _a3rd ed.
260 _bCambridge University Press,
_c1997
_aCambridge.
300 _axiii, 285 p. :
_bill;
_c24 cm.
504 _aIncludes index & bibliography
650 0 _aThermodynamics
_9816
650 0 _aPhysics
_9809
856 4 2 _3Publisher description
_uhttp://www.loc.gov/catdir/description/cam022/82023634.html
906 _a7
_bcbc
_corignew
_d1
_eocip
_f19
_gy-gencatlg
942 _2z
_cO_SHELF
999 _c5528
_d5528